| 000 | 00432 a2200169 4500 | ||
|---|---|---|---|
| 001 | 190853 | ||
| 020 | _a85-16-04846-2 | ||
| 040 | _cMagnum | ||
| 100 | _aRaspe, Rudolph Erich | ||
| 240 | 1 | 0 |
_aAs loucas aventuras do barão de munchausen _lpor |
| 245 | 1 | 0 | _aAs loucas aventuras do barão de munchausen |
| 300 | _a69 | ||
| 362 | 0 | _a2005 | |
| 440 | 1 | _aSalamandra | |
| 697 | _aLITERATURA INFANTO-JUVENIL ESTRANGEIRA | ||
| 942 | _cBK | ||
| 999 |
_c190853 _d190853 |
||